| 000 | 01237nam a22003377a 4500 | ||
|---|---|---|---|
| 003 | CHAP | ||
| 005 | 20220329141128.0 | ||
| 008 | 971010s1984 r 00010 d | ||
| 010 | _a63064 | ||
| 011 | _a64036 | ||
| 035 | _a69058 | ||
| 040 | _cCHAP | ||
| 082 |
_a636.5089 _bR6 |
||
| 100 | 0 | 0 |
_aRojo Mediavilla, Elena. _999402 |
| 245 | _aEnfermedades de las aves | ||
| 260 |
_aMéxico, D.F. : _bTrillas, _c1984 |
||
| 300 | _a345 p. | ||
| 590 |
_aBATCH-UPD _b10 _c20130110 _lUCH01 _h0544 |
||
| 590 |
_aCONVERSION _b10 _c20130109 _lUCH01 _h1334 |
||
| 650 | 1 | 4 |
_aAves de corral _xEnfermedades. _98646 |
| 650 | 1 | 4 |
_aAves _xEnfermedades. _98604 |
| 901 | _aBK | ||
| 942 | _cLIBRO | ||
| 949 |
_a636.5089 R6 _bBC _cLIBRO _d33724000105474 _eLIBRO _fc.3 _h65868 _i69058 _si |
||
| 949 |
_a636.5089 R6 _bBC _cLIBRO _d33724000105482 _eLIBRO _fc.4 _h74050 _i69058 _si |
||
| 949 |
_a636.5089 R6 _bBC _cLIBRO _d33724000105490 _eLIBRO _fc.6 _h74052 _i69058 _si |
||
| 949 |
_a636.5089 R6 _bBC _cLIBRO _d33724000599734 _eLIBRO _fc.2 _h65867 _i69058 _si |
||
| 949 |
_a636.5089 R6 _bBC _cLIBRO _d33724000664561 _eLIBRO _fc.5 _h74051 _i69058 _si |
||
| 949 |
_a636.5089 R6 _bBC _cLIBRO _d33724000939575 _eLIBRO _h65866 _i69058 _si |
||
| 949 |
_a636.5089 R6 _bZ _cLIBRO _d-1223 _eLIBRO _h825 _i69058 _si |
||
| 999 |
_c63064 _d63064 |
||